[Event "Mechanics' Winter TNM; G/2"]
[Site "San Francisco"]
[Date "2017.01.03"]
[Round "1.2"]
[White "Sadowsky, Jacob"]
[Black "Diaz, Conrado"]
[Result "0-1"]
[WhiteElo "1701"]
[BlackElo "2260"]
[Annotator "Donaldson"]
[PlyCount "64"]
[EventDate "2017.??.??"]

1. e4 d5 2. exd5 Qxd5 3. Nc3 Qa5 4. d4 Nf6 5. Nf3 c6 6. Bd2 Qb6 7. Bc4 Bf5 8.
Bb3 e6 9. O-O Bd6 10. Ne2 O-O 11. c3 Nbd7 12. Nh4 Qc7 13. h3 Be4 14. f4 c5 15.
Nf3 cxd4 16. Nfxd4 a6 17. Bc2 Nc5 18. g4 e5 19. fxe5 Bxe5 20. Bf4 Rad8 21. Bxe5
Qxe5 22. Bxe4 Ncxe4 23. Rf5 Qc7 24. Qd3 Nc5 25. Qf3 Nfe4 26. b4 Nd2 27. Qe3 Nc4
28. Rxc5 $4 (28. Qf4) 28... Qxc5 29. Qf3 Qd5 30. Qf2 Qe4 31. Nf5 Rd2 32. Re1
Re8 0-1

[Event "Mechanics' Winter TNM; G/2"]
[Site "San Francisco"]
[Date "2017.02.14"]
[Round "7.32"]
[White "Sadowsky, Jacob"]
[Black "Robertson, Terrance"]
[Result "1-0"]
[WhiteElo "1701"]
[BlackElo "1380"]
[PlyCount "51"]
[EventDate "2017.??.??"]

1. e4 e5 2. Nf3 Nf6 3. Bc4 Nxe4 4. Qe2 d5 5. d3 dxc4 6. Qxe4 cxd3 7. Nxe5 Be7
8. cxd3 c6 9. O-O O-O 10. Nd2 Re8 11. Ndf3 Nd7 12. d4 Nf6 13. Qd3 h6 14. Bd2
Be6 15. Rfe1 Qd5 16. Bc3 Bd6 17. a3 c5 18. dxc5 Bxc5 19. Nd4 Nh5 20. Nxe6 Qxd3
21. Nxd3 Bxf2+ 22. Kxf2 Rxe6 23. Rxe6 fxe6 24. Nc5 Rf8+ 25. Kg1 Nf4 26. Re1 1-0

[Event "Mechanics' Winter TNM; G/2"]
[Site "San Francisco"]
[Date "2017.01.17"]
[Round "3.24"]
[White "Sadowsky, Jacob"]
[Black "Wonsever, James"]
[Result "1-0"]
[WhiteElo "1701"]
[BlackElo "1827"]
[PlyCount "43"]
[EventDate "2017.??.??"]

1. e4 e5 2. Nf3 Nc6 3. Bc4 Bc5 4. O-O Nf6 5. Re1 O-O 6. c3 d6 7. d4 Bb6 8. h3
h6 9. b4 exd4 10. cxd4 Nxb4 11. Qd2 Nc6 12. Bb2 d5 13. exd5 Nxd5 14. Bxd5 Qxd5
15. Nc3 Qh5 16. d5 Rd8 $2 (16... Na5) 17. Qf4 Na5 18. Re5 $1 Qg6 19. Ne4 f6 20.
Re7 Rd7 21. Nh4 Qh5 {Diagram [#]} 22. Rxg7+ $1 1-0

[Event "Mechanics' Winter TNM; G/2"]
[Site "San Francisco"]
[Date "2017.01.03"]
[Round "1.20"]
[White "Sarafian, Greg"]
[Black "Adams, Sophie"]
[Result "1-0"]
[WhiteElo "1883"]
[BlackElo "1319"]
[PlyCount "87"]
[EventDate "2017.??.??"]

1. d4 d5 2. Nf3 Nf6 3. Bg5 e6 4. Nbd2 Be7 5. e3 O-O 6. Bd3 h6 7. Bh4 b6 8. Qe2
Nbd7 9. Ne5 Nxe5 10. dxe5 Nd7 11. Bg3 Nc5 12. O-O Nxd3 13. Qxd3 a5 14. Rfe1 Ba6
15. Qd4 f6 16. exf6 Bxf6 17. Qg4 Bc8 18. c3 e5 19. Qh5 Qe8 20. Qd1 c6 21. e4
Bb7 22. Qb3 b5 23. a4 Kh8 24. Rad1 Rd8 25. Ra1 Qd7 26. axb5 dxe4 27. Nxe4 cxb5
28. Nc5 Qd5 29. Qxd5 Bxd5 30. Rxa5 Rc8 31. Nd7 Rfe8 32. Nxf6 gxf6 33. Rxb5 Bc4
34. Rb4 e4 35. Bf4 Kg7 36. h3 f5 37. Rb7+ Kg6 38. Ra1 Re6 39. Raa7 Rg8 40. g4
fxg4 41. hxg4 Rf6 42. Be3 h5 43. Ra5 h4 44. Rg5+ 1-0

[Event "Mechanics' Peter Grey TNM; G/2 d5"]
[Site "San Francisco"]
[Date "2017.08.22"]
[Round "3.1"]
[White "Sarafian, Greg"]
[Black "Boldi, Ethan"]
[Result "1/2-1/2"]
[WhiteElo "1952"]
[BlackElo "1872"]
[PlyCount "60"]
[EventDate "2017.??.??"]

1. d4 e6 2. Nf3 d5 3. c3 c5 4. Bg5 Qb6 5. Qb3 Nc6 6. e3 Bd7 7. Nbd2 h6 8. Bf4
Nf6 9. h3 Rc8 10. Bd3 c4 11. Qxb6 axb6 12. Bc2 b5 13. a3 g5 14. Be5 Bg7 15. O-O
Nxe5 16. Nxe5 Bc6 17. f4 gxf4 18. exf4 Nd7 19. Nxd7 Bxd7 20. Nf3 f5 21. Kh2 Rg8
22. Rae1 Kf7 23. Re2 Bf6 24. Bd1 Rg7 25. Ne5+ Bxe5 26. Rxe5 Rcg8 27. g4 h5 28.
g5 h4 29. Rfe1 Rh8 30. Bf3 Rhh7 1/2-1/2

[Event "Mechanics' Peter Grey TNM; G/2 d5"]
[Site "San Francisco"]
[Date "2017.09.12"]
[Round "6.13"]
[White "Sarafian, Greg"]
[Black "Cendejas, Juan"]
[Result "1/2-1/2"]
[WhiteElo "1952"]
[BlackElo "1741"]
[PlyCount "41"]
[EventDate "2017.??.??"]

1. d4 Nf6 2. c4 e5 3. dxe5 Ng4 4. Bf4 Nc6 5. Nf3 Bc5 6. e3 Qe7 7. Be2 Bb4+ 8.
Nbd2 Ngxe5 9. Nxe5 Nxe5 10. O-O O-O 11. a3 Bd6 12. Ne4 Nxc4 13. Nxd6 Nxd6 14.
Bxd6 cxd6 15. Bf3 Rb8 16. Qd4 b6 17. Rfd1 Bb7 18. Qxd6 Qxd6 19. Rxd6 Bxf3 20.
gxf3 Rb7 21. Rc1 1/2-1/2

[Event "Mechanics' Peter Grey TNM; G/2 d5"]
[Site "San Francisco"]
[Date "2017.08.08"]
[Round "1.18"]
[White "Sarafian, Greg"]
[Black "Enkh, Tergelsar"]
[Result "1-0"]
[WhiteElo "1952"]
[BlackElo "1404"]
[PlyCount "47"]
[EventDate "2017.??.??"]

1. d4 Nf6 2. Nf3 d5 3. c4 c6 4. Nc3 Bg4 5. e3 e6 6. Be2 dxc4 7. Bxc4 Bd6 8. h3
Bh5 9. a3 O-O 10. Be2 Bg6 11. Nh4 Nbd7 12. Nxg6 hxg6 13. O-O Qc7 14. e4 Be7 15.
e5 Nd5 16. Nxd5 cxd5 17. Be3 Qb6 18. Qa4 Nb8 19. b4 a5 20. Rfc1 axb4 21. Qxa8
Na6 22. Qxf8+ Kxf8 23. Rc8+ Bd8 24. Bg5 1-0

[Event "Mechanics' Fall TNM; G/2 d5"]
[Site "San Francisco"]
[Date "2017.10.24"]
[Round "1.19"]
[White "Sarafian, Greg"]
[Black "Erdenebileg, Matthew Erkhes"]
[Result "1-0"]
[WhiteElo "1939"]
[BlackElo "1481"]
[PlyCount "49"]
[EventDate "2017.??.??"]

1. d4 d5 2. Nf3 Nf6 3. Bg5 Nbd7 4. Nbd2 e6 5. e3 Bd6 6. c4 c6 7. Bd3 b6 8. O-O
Bb7 9. Rc1 c5 10. cxd5 exd5 11. e4 dxe4 12. Bxe4 Bxe4 13. Nxe4 Be7 14. Nxf6+
Bxf6 15. Re1+ Kf8 16. Bxf6 Qxf6 17. Qa4 Qd6 18. Rcd1 Qc7 19. d5 Qd6 20. Qc6
Qxc6 21. dxc6 Nf6 22. c7 Rc8 23. Rd8+ Rxd8 24. cxd8=Q+ Ne8 25. Qxe8# 1-0

[Event "Mechanics' Summer TNM; G/2 d5"]
[Site "San Francisco"]
[Date "2017.05.30"]
[Round "2.17"]
[White "Sarafian, Greg"]
[Black "Erickson, Lane"]
[Result "1-0"]
[WhiteElo "1929"]
[BlackElo "1681"]
[Annotator "Donaldson"]
[PlyCount "17"]
[EventDate "2017.??.??"]

1. d4 f5 2. Nf3 e6 3. Bg5 Nf6 4. Nbd2 h6 $2 (4... Be7 5. Bxf6 Bxf6 6. e4 d5 $11
) 5. Bxf6 Qxf6 6. e4 fxe4 $2 (6... d5 7. exd5 exd5 8. Ne5 $14) 7. Nxe4 Qe7 8.
Ne5 Qh4 9. Bd3 1-0

[Event "Mechanics' Spring TNM; G/2"]
[Site "San Francisco"]
[Date "2017.03.14"]
[Round "1.27"]
[White "Sarafian, Greg"]
[Black "Frank, Robert H"]
[Result "1-0"]
[WhiteElo "1862"]
[BlackElo "1229"]
[PlyCount "41"]
[EventDate "2017.??.??"]

1. d4 Nf6 2. c4 e6 3. Nf3 c5 4. d5 exd5 5. cxd5 d6 6. Nc3 Bf5 7. e4 Nxe4 8.
Qa4+ Qd7 9. Bb5 Nxc3 10. bxc3 Nc6 11. dxc6 Qe7+ 12. Be3 Kd8 13. cxb7 Rb8 14.
Bc6 Rxb7 15. Bxb7 Qxb7 16. O-O d5 17. Nh4 Bd7 18. Qf4 Bb5 19. Rab1 a6 20. a4
Qd7 21. axb5 1-0

[Event "Mechanics' Spring TNM; G/2"]
[Site "San Francisco"]
[Date "2017.04.18"]
[Round "6.10"]
[White "Sarafian, Greg"]
[Black "Gaffagan, Steven"]
[Result "1/2-1/2"]
[WhiteElo "1862"]
[BlackElo "2061"]
[PlyCount "80"]
[EventDate "2017.??.??"]

1. d4 Nf6 2. Nf3 g6 3. Nc3 d5 4. Bf4 c6 5. e3 Bg7 6. Be2 O-O 7. h4 b5 8. Ne5 a5
9. h5 a4 10. hxg6 fxg6 11. Bd3 b4 12. Nb1 c5 13. c3 a3 14. b3 Ne4 15. Qc2 bxc3
16. dxc5 Bxe5 17. Bxe4 Bg7 18. Bd3 Bf5 19. Bxf5 Rxf5 20. Bg3 Nc6 21. Nxc3 Qa5
22. Rc1 d4 23. exd4 Nxd4 24. Qd2 Rd8 25. Qe3 Nb5 26. O-O Nxc3 27. b4 Qxb4 28.
Qxe7 Rdf8 29. Bd6 Qc4 30. Rc2 Qf7 31. Qe3 Re8 32. Qd3 Rd5 33. Qc4 Rf5 34. Qd3
Qd5 35. Rxc3 Bxc3 36. Qxc3 Qxa2 37. c6 Qe6 38. Bxa3 Rc8 39. Rc1 Rf6 40. c7 Kf7
{in mutual time pressure.} 1/2-1/2

[Event "Mechanics' Winter TNM; G/2"]
[Site "San Francisco"]
[Date "2017.02.07"]
[Round "6.4"]
[White "Sarafian, Greg"]
[Black "Ismakov, Arthur"]
[Result "0-1"]
[WhiteElo "1883"]
[BlackElo "2068"]
[PlyCount "103"]
[EventDate "2017.??.??"]

1. d4 d5 2. c4 c6 3. Nf3 Nf6 4. e3 e6 5. a3 Nbd7 6. Nc3 a6 7. Bd3 dxc4 8. Bxc4
b5 9. Bd3 c5 10. O-O Bb7 11. h3 Rc8 12. Qe2 Bd6 13. Rd1 Bb8 14. dxc5 Rxc5 15.
e4 O-O 16. Be3 Rc8 17. Rac1 Qa5 18. Bd2 Qd8 19. b4 Ne5 20. Nxe5 Bxe5 21. a4 Qe7
22. axb5 axb5 23. Nxb5 Rxc1 24. Rxc1 Rd8 25. Bc3 Bxc3 26. Nxc3 Qxb4 27. e5 Nd5
28. Nxd5 Bxd5 29. Qc2 g6 30. Qc3 Qf4 31. Re1 Kg7 32. Bf1 Ra8 33. Qc1 Qf5 34.
Qe3 Ra2 35. g4 Qf3 36. Qxf3 Bxf3 37. Bg2 Bxg2 38. Kxg2 g5 39. Re3 Kg6 40. Kg3
Ra4 41. h4 gxh4+ 42. Kxh4 h5 43. f3 hxg4 44. fxg4 Rf4 45. Re1 Rf3 46. Re4 Rf1
47. Kg3 Kg5 48. Rb4 Re1 49. Rb7 Re3+ 50. Kf2 Rxe5 51. Rxf7 Kxg4 52. Re7 0-1

[Event "Mechanics' Fall TNM; G/2 d5"]
[Site "San Francisco"]
[Date "2017.11.07"]
[Round "3.5"]
[White "Sarafian, Greg"]
[Black "Thornally, Frank"]
[Result "1-0"]
[WhiteElo "1939"]
[BlackElo "2200"]
[Annotator "Winslow,E"]
[PlyCount "21"]
[EventDate "2017.??.??"]

1. e4 e5 2. Nf3 Nc6 3. Bc4 Nf6 4. d4 exd4 5. O-O Nxe4 6. Re1 d5 7. Bxd5 Qxd5 8.
Nc3 Qh5 9. Nxe4 Be7 $6 (9... Be6 {
is the most common move here, with excellent results.}) 10. Bg5 O-O $4 (10...
Bg4) (10... Be6) 11. Ng3 1-0

[Event "Mechanics' Summer TNM; G/2 d5"]
[Site "San Francisco"]
[Date "2017.06.27"]
[Round "6.16"]
[White "Sarafian, Greg"]
[Black "Touset, Stephen Ka"]
[Result "1-0"]
[WhiteElo "1929"]
[BlackElo "1513"]
[PlyCount "47"]
[EventDate "2017.??.??"]

1. e4 d6 2. d4 Nf6 3. f3 e5 4. d5 Be7 5. c4 a5 6. Nc3 c6 7. Be3 Qc7 8. Bd3 Nbd7
9. Na4 h6 10. Ne2 c5 11. O-O Nf8 12. Nac3 Bd7 13. b3 g5 14. Ng3 Ng6 15. Nf5 Nf4
16. g3 Ng6 17. Nb5 Bxb5 18. cxb5 b6 19. a3 h5 20. Bxg5 a4 21. Nxe7 Qxe7 22. f4
exf4 23. e5 Nxe5 24. Rxf4 1-0

[Event "Mechanics' Winter TNM; G/2"]
[Site "San Francisco"]
[Date "2017.01.10"]
[Round "2.3"]
[White "Sarafian, Greg"]
[Black "Tsodikova, Natalya"]
[Result "1-0"]
[WhiteElo "1883"]
[BlackElo "2210"]
[Annotator "Donaldson"]
[PlyCount "69"]
[EventDate "2017.??.??"]

1. e4 e5 2. Nf3 Nc6 3. Bc4 Bc5 4. c3 Nf6 5. d4 exd4 6. cxd4 Bb4+ 7. Nbd2 (7.
Nc3 {and}) (7. Bd2 {are the traditional moves here. The text was revived by
the Swedish Grandmaster Jonny Hector.}) 7... d5 8. exd5 Nxd5 9. O-O O-O 10. a3
Be7 11. Re1 Bg4 12. h3 Bh5 13. Ba2 Nf6 14. g4 Bg6 15. Nc4 Bd6 16. Nce5 Ne7 17.
Qb3 Qc8 18. Bf4 Nfd5 {Diagram [#]} 19. Bg3 ({
This maintains White's advantage but there was an immediate knockout with} 19.
Nxg6 hxg6 20. Bxd6 cxd6 21. Ng5 $1 Qd7 22. Rxe7 Qxe7 (22... Nxe7 23. Qg3 {
and the threat of Qh4 is unstoppable.}) 23. Qxd5 {
with a winning material advantage of two pieces for a rook.}) 19... Rd8 20.
Nxg6 hxg6 21. Bxd6 Rxd6 22. Rxe7 Nxe7 23. Qxf7+ Kh8 24. Qxe7 Rf6 25. Ne5 Qe8
26. Qb4 c5 27. Qd2 cxd4 28. Qg5 Re6 29. Bxe6 Qxe6 30. Nxg6+ Kh7 31. Qh5+ Kg8
32. Qh8+ Kf7 33. Qxa8 Kxg6 34. Qxa7 Qd5 35. Rd1 1-0

[Event "Mechanics' Summer TNM; G/2 d5"]
[Site "San Francisco"]
[Date "2017.06.27"]
[Round "6.42"]
[White "Scalese, Nicole"]
[Black "Eastham, Asher"]
[Result "0-1"]
[WhiteElo "1145"]
[BlackElo "1582"]
[PlyCount "62"]
[EventDate "2017.??.??"]

1. d4 d5 2. Nc3 Nf6 3. Bf4 Bf5 4. Nb5 Na6 5. e3 e6 6. h3 Be7 7. Qd2 Ne4 8. Qe2
c6 9. g4 Bg6 10. Be5 f6 11. Bf4 Qa5+ 12. c3 O-O 13. f3 Qxb5 14. Qc2 Qb6 15. Bd3
Nd6 16. e4 dxe4 17. fxe4 Rad8 18. Qe2 Nc7 19. Nf3 c5 20. Qf2 Nxe4 21. Qe3 Nd5
22. Qf2 Nxf2 23. Kxf2 Bxd3 24. Be3 {...} Nxe3 25. Rae1 cxd4 26. Nxd4 e5 27.
Rxe3 Rxd4 28. cxd4 Qxd4 29. Rc1 Qxb2+ 30. Kf3 e4+ 31. Kf4 Qe5# 0-1

[Event "Mechanics' Peter Grey TNM; G/2 d5"]
[Site "San Francisco"]
[Date "2017.08.29"]
[Round "4.44"]
[White "Scalese, Nicole"]
[Black "Kondakova, Elena"]
[Result "0-1"]
[WhiteElo "1126"]
[BlackElo "1295"]
[Annotator "Donaldson"]
[PlyCount "80"]
[EventDate "2017.??.??"]

1. e4 c5 (1... e5 2. Nf3 Nc6 3. Bc4 Nf6 4. Ng5) 2. Nf3 Nc6 3. Bc4 d6 4. Ng5 Ne5
(4... e6) 5. Bd5 (5. Be2) 5... e6 6. d4 cxd4 7. Bb3 Nc6 8. O-O Be7 9. Nf3 e5
10. Nbd2 (10. c3 dxc3 11. Nxc3 Nf6 12. Bg5 O-O 13. Bxf6 Bxf6 14. Nd5 Be6 15.
Rc1 Bxd5 16. Bxd5 $11) 10... Nf6 11. Ng5 (11. Re1) 11... O-O 12. Nc4 (12. Nxf7
$4 Rxf7 13. Bxf7+ Kxf7) 12... h6 13. Nf3 Nxe4 14. Qe2 Nc5 15. Bd2 Nxb3 16. axb3
Bf5 17. c3 Bc2 18. Ra3 d5 19. b4 (19. Ncxe5) 19... dxc4 20. Qxc4 dxc3 21. Rxc3
Nxb4 22. Re1 Bd3 23. Qb3 e4 24. Ne5 Qd5 25. Nxd3 Qxb3 26. Rxb3 Nxd3 27. Rxe4
Rad8 28. Rxe7 Nc5 29. Rc3 Rxd2 30. g3 Nd3 31. b3 Nxf2 32. Rxb7 Nh3+ 33. Kf1
Rf2+ 34. Ke1 Re8+ 35. Kd1 Ree2 36. Rc8+ Kh7 37. Rxf7 Rxf7 38. Kxe2 Rf2+ 39. Kd3
Rxh2 40. Kc4 Rc2+ 0-1

[Event "Mechanics' Summer TNM; G/2 d5"]
[Site "San Francisco"]
[Date "2017.05.30"]
[Round "2.36"]
[White "Scalese, Nicole"]
[Black "Ricard, Bruce"]
[Result "0-1"]
[WhiteElo "1145"]
[BlackElo "1566"]
[Annotator "Donaldson"]
[PlyCount "37"]
[EventDate "2017.??.??"]

1. d4 Nf6 2. Nc3 d5 3. Bf4 c5 4. e3 Nc6 {Diagram [#]} (4... a6) (4... e6) 5.
Bd3 (5. Nb5 $1 e5 6. Bxe5 Nxe5 7. dxe5 Ne4 (7... Ng4 8. Qxd5 Qxd5 9. Nc7+ Kd8
10. Nxd5 Nxe5 11. O-O-O) 8. Qxd5 Qxd5 9. Nc7+) 5... cxd4 6. Nb5 (6. exd4 Nxd4
7. Bb5+ (7. Bxh7 Ne6) 7... Nxb5 8. Nxb5 Qa5+) 6... e5 7. Bg5 Bb4+ 8. Kf1 dxe3
9. Bxe3 O-O 10. h4 a6 11. Nc3 d4 12. Bg5 dxc3 13. a3 cxb2 14. Ra2 Bc5 15. c4 h6
16. Nf3 e4 17. Bxe4 Qxd1+ 18. Ne1 Nxe4 19. Bxh6 0-1

[Event "Mechanics' Peter Grey TNM; G/2 d5"]
[Site "San Francisco"]
[Date "2017.08.08"]
[Round "1.31"]
[White "Scalese, Nicole"]
[Black "Stolpe, Samuel"]
[Result "0-1"]
[WhiteElo "1126"]
[BlackElo "1706"]
[PlyCount "40"]
[EventDate "2017.??.??"]

1. d4 d5 2. Nc3 Nf6 3. Bf4 e6 4. Nb5 Na6 5. e3 c6 6. Nf3 cxb5 7. Bxb5+ Bd7 8.
Qd3 Qa5+ 9. Nd2 Bxb5 10. Qb3 Ne4 11. c3 Nxd2 12. Kxd2 Qa4 13. Qd1 Qxd1+ 14.
Rhxd1 Kd7 15. b3 Ba3 16. Be5 f6 17. Bg3 Rhc8 18. f4 {Diagram [#]} Rxc3 $1 19.
Kxc3 Rc8+ 20. Kd2 Bb4# 0-1

[Event "Mechanics' Fall TNM; G/2 d5"]
[Site "San Francisco"]
[Date "2017.11.14"]
[Round "4.29"]
[White "Schneider, Stephen"]
[Black "Ash, Richard D"]
[Result "1-0"]
[WhiteElo "1402"]
[BlackElo "1758"]
[PlyCount "71"]
[EventDate "2017.??.??"]

1. e4 e5 2. d3 Nf6 3. Nc3 Bc5 4. h3 O-O 5. Nf3 d6 6. Ne2 Re8 7. c3 Nc6 8. Ng3
h6 9. Be2 d5 10. O-O d4 11. Nh2 dxc3 12. bxc3 a6 13. Kh1 b5 14. f4 exf4 15.
Bxf4 Bd6 16. Nh5 Nxh5 17. Bxh5 Bxf4 18. Rxf4 g6 19. Bg4 Ne5 20. d4 Bxg4 21.
Nxg4 Nxg4 22. Qxg4 h5 23. Qf3 Qd7 24. Rf1 Re7 25. e5 c6 26. Rf6 Qd5 27. Rxc6
Qxa2 28. Rxg6+ fxg6 29. Qxa8+ Kh7 30. Rf8 Kh6 31. Rf6 Re6 32. h4 Re7 33. e6 Rg7
34. Qf8 Kh7 35. Rf7 Rxf7 36. exf7 1-0

[Event "Mechanics' Fall TNM; G/2 d5"]
[Site "San Francisco"]
[Date "2017.12.12"]
[Round "8.12"]
[White "Schneider, Stephen"]
[Black "Clemens, Kristian"]
[Result "0-1"]
[WhiteElo "1402"]
[BlackElo "1938"]
[PlyCount "66"]
[EventDate "2017.??.??"]

1. e4 e5 2. Nf3 Nf6 3. d3 Nc6 4. Be3 Bb4+ 5. c3 Ba5 6. g3 O-O 7. Nbd2 d5 8. Bg2
dxe4 9. dxe4 Qd3 10. Ng5 Bg4 11. f3 Qxe3+ 12. Qe2 Qxg5 13. h4 Qg6 14. fxg4 Qxg4
15. Qf2 Bb6 16. Qf3 Rad8 17. Nc4 Rd7 18. Nxb6 Qxf3 19. Bxf3 axb6 20. g4 Rd3 21.
O-O Nxg4 22. h5 Rfd8 23. Bxg4 Rg3+ 24. Kf2 Rxg4 25. Kf3 Rf4+ 26. Ke3 Rxf1 27.
Rxf1 f6 28. b4 Kf7 29. Rg1 Na7 30. a4 Nc8 31. Rb1 Nd6 32. b5 Nc4+ 33. Kf3 Nd2+
0-1

[Event "Mechanics' Fall TNM; G/2 d5"]
[Site "San Francisco"]
[Date "2017.11.28"]
[Round "6.27"]
[White "Schneider, Stephen"]
[Black "Eastham, Asher"]
[Result "1-0"]
[WhiteElo "1402"]
[BlackElo "1657"]
[Annotator "Donaldson"]
[PlyCount "81"]
[EventDate "2017.??.??"]

1. e4 e5 2. Nf3 Nc6 3. Bb5 a6 4. Bxc6 dxc6 5. O-O f6 6. d4 exd4 (6... Bg4) 7.
Nxd4 Bc5 $2 {Diagram [#]} (7... c5) 8. Be3 $2 (8. Qh5+) 8... Ba7 9. e5 fxe5 10.
Qh5+ Kf8 11. Qxe5 Nf6 12. Rd1 Qe7 13. Qf4 Kf7 14. Nd2 Rf8 15. N2f3 Kg8 16. Qh4
Bd7 17. Ng5 Bxd4 18. Bxd4 Bf5 19. Re1 Qd6 20. c3 Rae8 21. b4 b6 22. Rad1 Re7
23. Be3 Qe5 24. Qc4+ Be6 25. Nxe6 Qxe6 26. Qxa6 Rfe8 27. f3 Kh8 28. Bf2 Qg8 29.
a4 Nd5 30. Qc4 Re6 31. b5 Nf6 32. Qh4 cxb5 33. axb5 Re2 34. Qd4 Qa2 35. Kf1 Kg8
36. Bh4 Kf7 37. Bxf6 gxf6 38. Qh4 Rxg2 39. Rd7+ Kf8 40. Qh6+ Kg8 41. Rxe8# 1-0

[Event "Mechanics' Peter Grey TNM; G/2 d5"]
[Site "San Francisco"]
[Date "2017.09.26"]
[Round "8.37"]
[White "Sekhon, Gulraj"]
[Black "Morgan, Jerry D"]
[Result "0-1"]
[WhiteElo "1192"]
[BlackElo "1501"]
[PlyCount "42"]
[EventDate "2017.??.??"]

1. d4 d5 2. c4 c6 3. Nc3 dxc4 4. e3 b5 5. Nf3 Nf6 6. Be2 e6 7. O-O Be7 8. Qc2
O-O 9. a4 Nd5 10. Bd2 Bb7 11. axb5 Nxc3 12. bxc3 cxb5 13. Rfb1 Qd5 14. Bc1 a6
15. Bf1 Nd7 16. Ba3 Bxa3 17. Rxa3 Qe4 18. Qc1 Qg6 19. Ne1 Nf6 20. Qc2 Be4 21.
Qd1 Bxb1 0-1

[Event "Mechanics' Winter TNM; G/2"]
[Site "San Francisco"]
[Date "2017.01.17"]
[Round "3.10"]
[White "Sevall, Jacob"]
[Black "Chan, John"]
[Result "1-0"]
[WhiteElo "2082"]
[BlackElo "1587"]
[PlyCount "71"]
[EventDate "2017.??.??"]

1. Nc3 Nf6 2. e4 d6 3. d4 c6 4. f4 h6 5. Nf3 Bg4 6. h3 Bxf3 7. Qxf3 Nbd7 8. e5
dxe5 9. fxe5 Nh7 10. Bc4 e6 11. O-O Qe7 12. Ne4 Nb6 13. Nd6+ Kd7 14. Qxf7 Nxc4
15. Nxc4 Ng5 16. Bxg5 hxg5 17. Rad1 Rh4 18. Nd6 Rb8 19. c4 b6 20. d5 cxd5 21.
cxd5 Qxf7 22. Rxf7+ Be7 23. Rxg7 Rf8 24. Nf5 Rxf5 25. d6 Rxe5 26. Rxe7+ Kd8 27.
Rxa7 Rd5 28. Rf1 Rf4 29. Rxf4 gxf4 30. Rf7 Rd1+ 31. Kh2 Rd2 32. h4 Rxb2 33. h5
Rxa2 34. h6 f3 35. h7 Rxg2+ 36. Kh1 1-0

[Event "Mechanics' Spring TNM; G/2"]
[Site "San Francisco"]
[Date "2017.05.02"]
[Round "8.10"]
[White "Sevall, Jacob"]
[Black "Kanis, Sierk"]
[Result "1-0"]
[WhiteElo "2048"]
[BlackElo "1897"]
[PlyCount "53"]
[EventDate "2017.??.??"]

1. e4 g6 2. d4 Bg7 3. Bc4 d6 4. f4 Nf6 5. e5 dxe5 6. fxe5 Nd5 7. Nf3 O-O 8. O-O
b6 9. Nc3 Bb7 10. Qe2 Qd7 11. Nxd5 Bxd5 12. Bxd5 Qxd5 13. c4 Qb7 14. b3 e6 15.
Qe1 Nd7 16. Qh4 c5 17. Bh6 cxd4 18. Ng5 f6 19. exf6 Nxf6 20. Bxg7 Qxg7 21. Nxe6
Qe7 22. Nxf8 Rxf8 23. Qxd4 Qe4 24. Qxe4 Nxe4 25. Rxf8+ Kxf8 26. Rf1+ Kg7 27.
Re1 1-0

[Event "Mechanics' Spring TNM; G/2"]
[Site "San Francisco"]
[Date "2017.04.04"]
[Round "4.6"]
[White "Sevall, Jacob"]
[Black "Kuczek, Kevin W"]
[Result "1-0"]
[WhiteElo "2048"]
[BlackElo "1799"]
[PlyCount "59"]
[EventDate "2017.??.??"]

1. e4 e5 2. f4 exf4 3. Nf3 d6 4. Bc4 Nc6 5. d4 g5 6. h4 f6 7. hxg5 fxg5 8. d5
Ne5 9. Nxe5 dxe5 10. Qh5+ Kd7 11. Nc3 Bb4 12. Bd2 Qf6 13. O-O-O a6 14. g3 Ne7
15. gxf4 Bxc3 16. Bxc3 Qxf4+ 17. Kb1 Ng6 18. Rdf1 Qe3 19. Rf7+ Kd6 20. Bb4+ c5
21. dxc6+ Kxc6 22. Rf6+ Kc7 23. Rxg6 Qxe4 24. Bd6+ Kc6 25. Bd3 Qd5 26. Re1 Be6
27. Rxg5 Qxa2+ 28. Kc1 Kxd6 29. Rgxe5 Bf7 30. Qh2 1-0

[Event "Mechanics' Winter TNM; G/2"]
[Site "San Francisco"]
[Date "2017.02.07"]
[Round "6.15"]
[White "Sevall, Jacob"]
[Black "Rakonitz, David"]
[Result "1-0"]
[WhiteElo "2082"]
[BlackElo "1717"]
[PlyCount "59"]
[EventDate "2017.??.??"]

1. Nc3 Nf6 2. d4 e6 3. e4 d5 4. Bg5 Be7 5. e5 Nfd7 6. h4 h6 7. Be3 c5 8. Qg4
Kf8 9. O-O-O cxd4 10. Bxd4 Nc6 11. Nf3 Nxd4 12. Rxd4 Bc5 13. Nb5 a6 14. Nd6
Bxd6 15. exd6 Nf6 16. Qf4 Ne8 17. Ne5 Nxd6 18. Ng6+ Kg8 19. Nxh8 Qe7 20. Nxf7
Nxf7 21. Qe3 b5 22. Rxd5 Bb7 23. Rd2 Bd5 24. Rxd5 Qf6 25. Rd4 Rc8 26. Rf4 Qg6
27. Bd3 Qxg2 28. Qxe6 Qxh1+ 29. Kd2 Rf8 30. Qf5 1-0

[Event "Mechanics' Spring TNM; G/2"]
[Site "San Francisco"]
[Date "2017.03.21"]
[Round "2.20"]
[White "Sevall, Jacob"]
[Black "Ricard, Bruce"]
[Result "1-0"]
[WhiteElo "2048"]
[BlackElo "1545"]
[PlyCount "41"]
[EventDate "2017.??.??"]

1. d4 d5 2. Bf4 Nf6 3. Nf3 c5 4. e3 Nc6 5. Nc3 Bg4 6. Bb5 e6 7. h3 Bxf3 8. gxf3
Bd6 9. Bxd6 Qxd6 10. f4 a6 11. Bxc6+ bxc6 12. Na4 cxd4 13. Qxd4 O-O 14. Rg1 Qe7
15. Nc5 g6 16. O-O-O Nd7 17. Nxd7 Qxd7 18. h4 h5 19. Rg5 Qe7 20. Rdg1 Kh7 {
Diagram [#]} 21. Rxh5+ 1-0

[Event "Mechanics' Spring TNM; G/2"]
[Site "San Francisco"]
[Date "2017.04.18"]
[Round "6.7"]
[White "Sevall, Jacob"]
[Black "Wong, Russell"]
[Result "0-1"]
[WhiteElo "2048"]
[BlackElo "2201"]
[PlyCount "33"]
[EventDate "2017.??.??"]

1. b3 d5 2. Bb2 Nc6 3. e3 Nf6 4. f4 Bg4 5. Nf3 e6 6. Bb5 a6 7. Be2 Bc5 8. d4
Bb4+ 9. c3 Be7 10. O-O Ne4 11. Nbd2 f5 12. Nxe4 fxe4 13. Ne1 Bxe2 14. Qxe2 Qd7
15. Qh5+ g6 16. Qh6 O-O-O 17. Nc2 {
Black later won; remaining moves unavailable.} 0-1

[Event "Mechanics' Summer TNM; G/2 d5"]
[Site "San Francisco"]
[Date "2017.05.23"]
[Round "1.13"]
[White "Sevall, Jacob Came"]
[Black "Erdenebileg, Erkhe"]
[Result "1-0"]
[WhiteElo "2126"]
[BlackElo "1499"]
[Annotator "Donaldson"]
[PlyCount "53"]
[EventDate "2017.??.??"]

1. d4 d5 2. c4 c6 3. Nf3 Bf5 4. Nc3 Nf6 (4... e6) 5. Qb3 (5. cxd5 cxd5 6. Qb3)
5... Qd7 6. Ne5 dxc4 7. Qxc4 Be6 8. Qd3 Qd8 9. e4 Nbd7 10. Nxd7 Qxd7 11. f4 g6
12. Be2 Bg7 13. O-O O-O 14. f5 gxf5 15. exf5 Bd5 16. g4 h6 17. Bf4 Nh7 18. Rad1
b5 19. Nxd5 Qxd5 20. Bf3 Qd7 21. d5 cxd5 22. Bxd5 Nf6 23. Bxa8 Qxd3 24. Rxd3
Rxa8 25. h3 Rc8 26. Rc1 Rxc1+ 27. Bxc1 1-0

[Event "Mechanics' Summer TNM; G/2 d5"]
[Site "San Francisco"]
[Date "2017.07.11"]
[Round "7.6"]
[White "Shakhnazarov, Oleg"]
[Black "Gaffagan, Steven"]
[Result "1-0"]
[WhiteElo "2163"]
[BlackElo "2080"]
[PlyCount "79"]
[EventDate "2017.??.??"]

1. e4 c5 2. Nf3 d6 3. d4 cxd4 4. Nxd4 Nf6 5. Nc3 a6 6. Be2 e5 7. Nb3 Be6 8. Be3
Be7 9. g4 h6 10. Rg1 Nbd7 11. h4 g6 12. Qd2 b5 13. a3 Nb6 14. g5 hxg5 15. hxg5
Nh5 16. Na5 Nc4 17. Nxc4 bxc4 18. O-O-O Qa5 19. Rh1 Rb8 20. Nd5 Qxd2+ 21. Rxd2
Bxd5 22. Rxd5 Rc8 23. Ra5 O-O 24. Bxh5 gxh5 25. Rxa6 Rc7 26. Rxh5 Kg7 27. f4
exf4 28. Bxf4 Rd7 29. Rc6 Rb8 30. Rxc4 Rdb7 31. b4 Ra8 32. Rc3 Kg6 33. Rh6+ Kg7
34. Rch3 Rba7 35. Rh7+ Kg8 36. Rh8+ Kg7 37. Rxa8 Rxa8 38. Kb2 Re8 39. Kb3 Kg6
40. Rh6+ 1-0